[Event "4NCL-ch rapid"]
[Site "Daventry"]
[Date "2013.10.06"]
[Round "6"]
[White "Basman, Michael J"]
[Black "Duggan, Christopher"]
[Result "1-0"]
[WhiteElo "2340"]
[BlackElo "2036"]
[PlyCount "73"]
[EventDate "2013.10.06"]
[EventType "swiss (rapid)"]
[EventRounds "7"]
[EventCountry "ENG"]
[SourceTitle "CBM 156 Extra"]
[Source "ChessBase"]
[SourceDate "2013.10.22"]
[SourceVersion "1"]
[SourceVersionDate "2013.10.22"]
[SourceQuality "1"]

1. b4 d5 2. Bb2 Qd6 3. a3 e5 4. e3 Nf6 5. Nf3 e4 6. Nd4 c6 7. c4 Bg4 8. Qc2 Nbd7 9. cxd5 Qxd5 10. Bc4 Qh5 11. Nc3 Be7 12. Nxe4 Ne5 13. Ng3 Qg6 14. Qxg6 hxg6 15. Be2 a5 16. f3 Bd7 17. bxa5 Rxa5 18. Nb3 Rd5 19. d4 Be6 20. dxe5 Nh5 21. Nxh5 Rxh5 22. e4 Rd8 23. Nd4 Bc8 24. f4 Rh6 25. 0-0-0 Bc5 26. h4 Ke7 27. g3 Rhh8 28. g4 Ba7 29. f5 Bb8 30. f6+ Kf8 31. fxg7+ Kxg7 32. e6 f6 33. g5 Bf4+ 34. Kc2 Be5 35. gxf6+ Bxf6 36. Nf5+ gxf5 37. Rdg1+ 1-0

[Event "BCF-chT3 1213 (4NCL)"]
[Site "England"]
[Date "2013.05.06"]
[Round "11.126"]
[White "Thorarinsson, Pall A"]
[Black "Duggan, Christopher"]
[Result "0-1"]
[WhiteElo "2245"]
[BlackElo "2025"]
[PlyCount "66"]
[EventDate "2012.11.03"]
[EventType "team-swiss"]
[EventRounds "11"]
[EventCountry "ENG"]
[SourceTitle "EXT 2014"]
[Source "ChessBase"]
[SourceDate "2013.11.20"]
[SourceVersion "1"]
[SourceVersionDate "2013.11.20"]
[SourceQuality "1"]
[WhiteTeam "Fermented Sharks"]
[BlackTeam "Oxford II"]
[WhiteTeamCountry "ENG"]
[BlackTeamCountry "ENG"]

1. e4 c5 2. Nf3 Nc6 3. Bb5 d6 4. Bxc6+ bxc6 5. e5 d5 6. h3 Bf5 7. d3 e6 8. 0-0 h6 9. Re1 g5 10. c4 Ne7 11. g4 Bh7 12. Nc3 Ng6 13. Qa4 Qd7 14. Qa5 Qd8 15. Qa4 Qd7 16. Be3 Be7 17. Ne2 Rb8 18. Qa3 0-0 19. h4 f6 20. h5 Nxe5 21. Nxe5 fxe5 22. Bxc5 Bxc5 23. Qxc5 Rxb2 24. Qe3 Qf7 25. Rab1 Rxa2 26. Ra1 d4 27. Qg3 Rb2 28. Ra5 Bxd3 29. Rxe5 Bxc4 30. Nxd4 Qxf2+ 31. Qxf2 Rfxf2 32. Nxc6 Rg2+ 33. Kh1 Rh2+ 0-1

[Event "BCF-chT3 1112 (4NCL)"]
[Site "England"]
[Date "2012.05.07"]
[Round "11.216"]
[White "Duggan, Christopher"]
[Black "Taylor, Robert P"]
[Result "1-0"]
[WhiteElo "2031"]
[BlackElo "1976"]
[PlyCount "63"]
[EventDate "2011.11.12"]
[EventType "team-swiss"]
[EventRounds "11"]
[EventCountry "ENG"]
[SourceTitle "EXT 2013"]
[Source "ChessBase"]
[SourceDate "2012.11.22"]
[SourceVersion "1"]
[SourceVersionDate "2012.11.22"]
[SourceQuality "1"]
[WhiteTeam "Oxford II"]
[BlackTeam "SC Stars"]
[WhiteTeamCountry "ENG"]
[BlackTeamCountry "ENG"]

1. e4 e5 2. Nf3 Nc6 3. Bb5 a6 4. Ba4 Nf6 5. d3 Bc5 6. c3 0-0 7. 0-0 b5 8. Bb3 d6 9. Bg5 Be6 10. Nbd2 Bb6 11. Re1 Bxb3 12. axb3 Qe7 13. Nf1 Qe6 14. d4 exd4 15. cxd4 d5 16. exd5 Qxd5 17. Bxf6 gxf6 18. Ne3 Qd7 19. Nh4 Qxd4 20. Qh5 Qf4 21. Nf3 Nd4 22. Nxd4 Bxd4 23. Ng4 Kg7 24. Rad1 Bxb2 25. h4 f5 26. Ne3 Bf6 27. Rd5 Qb4 28. Nxf5+ Kg8 29. Re3 Rae8 30. Qh6 Bb2 31. Nd4 Bxd4 32. Rh5 1-0

[Event "BCF-chT3S 1112 (4NCL)"]
[Site "England"]
[Date "2011.11.13"]
[Round "2.5"]
[White "Duggan, Christopher"]
[Black "Tart, Peter K"]
[Result "1-0"]
[WhiteElo "2031"]
[BlackElo "1972"]
[PlyCount "67"]
[EventDate "2011.11.12"]
[EventType "team-swiss"]
[EventRounds "6"]
[EventCountry "ENG"]
[SourceTitle "EXT 2013"]
[Source "ChessBase"]
[SourceDate "2012.11.22"]
[SourceVersion "1"]
[SourceVersionDate "2012.11.22"]
[SourceQuality "1"]
[WhiteTeam "Oxford II"]
[BlackTeam "AMCA Rhinos"]
[WhiteTeamCountry "ENG"]
[BlackTeamCountry "ENG"]

1. e4 e5 2. Nf3 d5 3. exd5 Bd6 4. d4 e4 5. Ne5 Nf6 6. Bb5+ Nbd7 7. Bg5 0-0 8. Nxd7 Bxd7 9. Bxf6 gxf6 10. Bxd7 Qxd7 11. Nc3 f5 12. Qh5 Bb4 13. 0-0 Kh8 14. Rae1 Rae8 15. Re3 Rg8 16. Qh4 Rg6 17. Rh3 f6 18. Nd1 Bd6 19. f4 Reg8 20. Ne3 Bf8 21. Rg3 c5 22. c3 cxd4 23. cxd4 Qb5 24. Rxg6 Rxg6 25. Qf2 Qa4 26. Nxf5 Qxa2 27. Ne3 Qa4 28. Qd2 Bb4 29. Qc1 Qd7 30. Qc2 Bd6 31. Qxe4 Qb5 32. Nf5 Qxb2 33. Nxd6 f5 34. Nxf5 1-0

[Event "BCF-chT3S 1112 (4NCL)"]
[Site "England"]
[Date "2011.11.12"]
[Round "1.3"]
[White "Ireland, David J"]
[Black "Duggan, Christopher"]
[Result "1/2-1/2"]
[WhiteElo "1909"]
[BlackElo "2031"]
[PlyCount "66"]
[EventDate "2011.11.12"]
[EventType "team-swiss"]
[EventRounds "6"]
[EventCountry "ENG"]
[SourceTitle "EXT 2013"]
[Source "ChessBase"]
[SourceDate "2012.11.22"]
[SourceVersion "1"]
[SourceVersionDate "2012.11.22"]
[SourceQuality "1"]
[WhiteTeam "e2e4.org.uk IV"]
[BlackTeam "Oxford II"]
[WhiteTeamCountry "ENG"]
[BlackTeamCountry "ENG"]

1. e4 c5 2. Nc3 e6 3. g3 d5 4. d3 Nc6 5. Bg2 Nf6 6. Nge2 Be7 7. 0-0 0-0 8. h3 Qb6 9. g4 dxe4 10. Nxe4 Rd8 11. Nd2 Nd4 12. b3 Nd5 13. Nc4 Qc7 14. Nxd4 cxd4 15. a4 Nf4 16. Bxf4 Qxf4 17. Qd2 Qc7 18. Qa5 Qxa5 19. Nxa5 Bb4 20. Nxb7 Bxb7 21. Bxb7 Rab8 22. Ba6 Rd5 23. f4 Bd2 24. Bc4 Rc5 25. Kg2 Re8 26. Rad1 Bc3 27. Rf2 Kf8 28. Rdf1 Re7 29. h4 h5 30. Kh3 hxg4+ 31. Kxg4 g6 32. Re2 Kg7 33. Re5 Rec7 1/2-1/2

[Event "BCF-chT3 1011 (4NCL)"]
[Site "England"]
[Date "2011.03.27"]
[Round "8.32"]
[White "Duggan, Christopher"]
[Black "Compton, Alistair"]
[Result "1-0"]
[WhiteElo "2030"]
[BlackElo "2046"]
[PlyCount "89"]
[EventDate "2010.11.06"]
[EventType "team-swiss"]
[EventRounds "9"]
[EventCountry "ENG"]
[SourceTitle "EXT 2012"]
[Source "ChessBase"]
[SourceDate "2011.11.24"]
[SourceVersion "1"]
[SourceVersionDate "2011.11.24"]
[SourceQuality "1"]
[WhiteTeam "Oxford II"]
[BlackTeam "The Rookies"]
[WhiteTeamCountry "ENG"]
[BlackTeamCountry "ENG"]

1. e4 e6 2. d4 d5 3. Nd2 Nf6 4. e5 Nfd7 5. c3 c5 6. f4 Nc6 7. Ndf3 a5 8. Bd3 cxd4 9. cxd4 a4 10. Ne2 a3 11. 0-0 axb2 12. Bxb2 Nb6 13. Ng3 g6 14. Rf2 Bd7 15. Nf1 Na5 16. Ne3 Rc8 17. Rc1 Be7 18. Rfc2 Rxc2 19. Qxc2 0-0 20. g4 Qa8 21. g5 Rc8 22. Qf2 Rxc1+ 23. Bxc1 Qc8 24. Bd2 Nac4 25. Ng4 Nxd2 26. Qxd2 Ba3 27. Qa5 Qc1+ 28. Kf2 Qb2+ 29. Kg3 Bc6 30. Qa7 Nc4 31. Qb8+ Bf8 32. Qd8 Qb4 33. Nh6+ Kh8 34. Nxf7+ Kg7 35. Qf6+ Kg8 36. Qxe6 Kg7 37. Qf6+ Kg8 38. e6 Bg7 39. Nh6+ Bxh6 40. gxh6 Qf8 41. Qg5 Nd6 42. e7 Qf7 43. Qe5 Nc8 44. f5 gxf5 45. Bxf5 1-0

[Event "BCF-chT3 1011 (4NCL)"]
[Site "England"]
[Date "2010.11.07"]
[Round "2.36"]
[White "Duggan, Christopher"]
[Black "Hunt, Malcolm A"]
[Result "1-0"]
[WhiteElo "2030"]
[BlackElo "2076"]
[PlyCount "187"]
[EventDate "2010.11.06"]
[EventType "team-swiss"]
[EventRounds "9"]
[EventCountry "ENG"]
[SourceTitle "CBM 139 Extra"]
[Source "ChessBase"]
[SourceDate "2011.01.05"]
[SourceVersion "1"]
[SourceVersionDate "2011.01.05"]
[SourceQuality "1"]
[WhiteTeam "Oxford II"]
[BlackTeam "Warwicks Select II"]
[WhiteTeamCountry "ENG"]
[BlackTeamCountry "ENG"]

1. c4 Nf6 2. d4 c5 3. d5 e5 4. Nc3 d6 5. g3 Nbd7 6. e4 a6 7. Qd3 Be7 8. a3 0-0 9. f4 Ne8 10. f5 Bg5 11. Bxg5 Qxg5 12. Nf3 Qe7 13. Be2 Nc7 14. g4 b5 15. Qe3 Rb8 16. Rb1 bxc4 17. Bxc4 Nb6 18. Be2 Nb5 19. Nxb5 axb5 20. g5 Bxf5 21. exf5 Nxd5 22. Qe4 Nf4 23. Rd1 d5 24. Rxd5 Nxd5 25. Qxd5 e4 26. f6 Qe6 27. Qxe6 fxe6 28. Ne5 Rb7 29. f7+ Kh8 30. 0-0 g6 31. Rf6 Kg7 32. Rxe6 c4 33. Kf2 Ra7 34. Rb6 c3 35. bxc3 Rxa3 36. Bxb5 Rxc3 37. Be8 Rh3 38. Ng4 Rf3+ 39. Ke2 Rf5 40. h4 Rf4 41. Nf2 Rxh4 42. Ke3 Rxf7 43. Bxf7 Kxf7 44. Nxe4 h6 45. Rb7+ Ke6 46. Rb6+ Kf7 47. Rb7+ Ke6 48. Rh7 Kf5 49. Rf7+ Ke5 50. Re7+ Kf5 51. gxh6 Rxh6 52. Rf7+ Ke5 53. Nf2 Rh4 54. Nd3+ Ke6 55. Rf3 Rg4 56. Kf2 Kd5 57. Re3 Kd4 58. Ne1 Kd5 59. Kf3 Rg5 60. Ng2 Kd4 61. Re4+ Kd5 62. Ne3+ Kd6 63. Kf4 Rc5 64. Kg4 Rb5 65. Re8 Kc5 66. Rd8 Rb6 67. Kg5 Rd6 68. Rg8 Kd4 69. Ng4 Rd5+ 70. Kxg6 Rd6+ 71. Kf5 Rd5+ 72. Kf4 Rd7 73. Ne5 Rd6 74. Nf3+ Kd3 75. Ke5 Ra6 76. Ne1+ Ke2 77. Nc2 Kd2 78. Nb4 Rh6 79. Rg3 Rh5+ 80. Kd4 Rh4+ 81. Kc5 Ke2 82. Nd5 Kf2 83. Rb3 Ke2 84. Nf6 Rh6 85. Ne4 Rh5+ 86. Kd4 Rh8 87. Re3+ Kf1 88. Rf3+ Kg2 89. Rg3+ Kh2 90. Rg7 Rd8+ 91. Ke3 Ra8 92. Nd2 Re8+ 93. Kf2 Rf8+ 94. Nf3+ 1-0

[Event "BCF-chT3 0910 (4NCL)"]
[Site "England"]
[Date "2010.02.21"]
[Round "6.1"]
[White "Duggan, Christopher"]
[Black "Upham, John E"]
[Result "1-0"]
[WhiteElo "2031"]
[BlackElo "1658"]
[PlyCount "71"]
[EventDate "2009.10.24"]
[EventType "team-tourn"]
[EventRounds "11"]
[EventCountry "ENG"]
[SourceTitle "EXT 2011"]
[Source "ChessBase"]
[SourceDate "2010.11.26"]
[SourceVersion "1"]
[SourceVersionDate "2010.11.26"]
[SourceQuality "1"]
[WhiteTeam "Oxford II"]
[BlackTeam "AMCA Hippos"]
[WhiteTeamCountry "ENG"]
[BlackTeamCountry "ENG"]

1. e4 c6 2. d4 d5 3. e5 c5 4. dxc5 e6 5. Be3 Nh6 6. Nf3 Nc6 7. Bd3 Qc7 8. 0-0 Bd7 9. Re1 Ng4 10. Bd4 Nxd4 11. Nxd4 Nxe5 12. Nb5 Qb8 13. N1c3 Bxc5 14. Nxd5 Bd6 15. Qe2 Ng6 16. Nxd6+ Qxd6 17. Rad1 0-0-0 18. Nc3 Qc5 19. Ne4 Qb6 20. Ng5 Nf4 21. Qf3 Nxd3 22. Rxd3 Rdf8 23. Rb3 Bc6 24. Qe2 Qa5 25. Ne4 Rd8 26. Rc3 Kb8 27. a3 Bxe4 28. Qxe4 Qd5 29. Qg4 h5 30. Qh4 Qd2 31. Qe4 Qd5 32. Qf4+ e5 33. Qf3 g6 34. Qf6 Qd2 35. Qxe5+ Ka8 36. Rce3 1-0

[Event "Vienna op 16th"]
[Site "Vienna"]
[Date "2009.08.15"]
[Round "1"]
[White "Duggan, Christopher"]
[Black "Brinck Claussen, Bjorn"]
[Result "0-1"]
[WhiteElo "2044"]
[BlackElo "2314"]
[PlyCount "80"]
[EventDate "2009.08.15"]
[EventType "swiss"]
[EventRounds "9"]
[EventCountry "AUT"]
[SourceTitle "CBM 131 Extra"]
[Source "ChessBase"]
[SourceDate "2009.09.03"]
[SourceVersion "2"]
[SourceVersionDate "2009.09.16"]
[SourceQuality "1"]

1. e4 e6 2. d4 d5 3. Nd2 c5 4. Ngf3 cxd4 5. exd5 Qxd5 6. Bc4 Qd6 7. 0-0 Nf6 8. Nb3 Nc6 9. Nbxd4 Nxd4 10. Nxd4 a6 11. a4 Qc7 12. Bb3 Bd6 13. h3 Bd7 14. Be3 e5 15. Nf3 0-0 16. Bg5 Ne4 17. Bh4 Nc5 18. Bd5 Nxa4 19. Ng5 h6 20. Nxf7 Rxf7 21. Bxf7+ Kxf7 22. Qd5+ Be6 23. Qf3+ Kg8 24. Rxa4 Rf8 25. Qd1 Qc6 26. b3 b5 27. Ra2 Bb4 28. Qa1 a5 29. Qxe5 Bc3 30. Qe3 a4 31. Bg3 Re8 32. Qd3 Bd5 33. f3 Bf7 34. Qd6 Qxd6 35. Bxd6 Re2 36. Rd1 Bxb3 37. Ra3 Rxc2 38. Rb1 Bb2 39. Rxb3 axb3 40. f4 Rc1+ 0-1

[Event "BCF-chT3 0809 (4NCL)"]
[Site "Hinckley Island"]
[Date "2009.05.04"]
[Round "11.5"]
[White "Duggan, Christopher"]
[Black "Webb, Matthew"]
[Result "1/2-1/2"]
[WhiteElo "2044"]
[BlackElo "2035"]
[PlyCount "125"]
[EventDate "2008.10.18"]
[EventType "team-swiss"]
[EventRounds "11"]
[EventCountry "ENG"]
[SourceTitle "EXT 2010"]
[Source "ChessBase"]
[SourceDate "2010.11.25"]
[SourceVersion "1"]
[SourceVersionDate "2010.11.25"]
[SourceQuality "1"]
[WhiteTeam "Oxford II"]
[BlackTeam "WRO II"]
[WhiteTeamCountry "ENG"]
[BlackTeamCountry "ENG"]

1. e4 g6 2. d4 d6 3. Nf3 Bg7 4. Bd3 a6 5. 0-0 Bg4 6. c3 Nd7 7. Nbd2 e5 8. h3 Bxf3 9. Nxf3 Ne7 10. Qb3 0-0 11. Be3 Rb8 12. a4 h6 13. Rad1 g5 14. dxe5 Nxe5 15. Nxe5 Bxe5 16. f4 gxf4 17. Bxf4 Bg7 18. e5 d5 19. Qc2 Qd7 20. c4 Rbd8 21. cxd5 Nxd5 22. Qc4 Qe6 23. Qe4 Qg6 24. Qe2 Qb6+ 25. Kh1 Rfe8 26. Bc4 Nxf4 27. Rxf4 Rxd1+ 28. Qxd1 Rf8 29. Qd5 c6 30. Qe4 Qc7 31. Bd3 Re8 32. Qh7+ Kf8 33. Bc4 Re7 34. Qf5 Bxe5 35. Rf2 Bg7 36. g4 Re1+ 37. Kg2 Re7 38. h4 Qd7 39. Qf4 b5 40. Rd2 Qc7 41. Qxc7 Rxc7 42. Bb3 Bf6 43. Kg3 Re7 44. Bd1 b4 45. Bf3 c5 46. Rd8+ Kg7 47. Rc8 Bxb2 48. Rxc5 Be5+ 49. Kg2 b3 50. Rc6 Rc7 51. Rxc7 Bxc7 52. Be4 Kf6 53. Kf3 Ke5 54. Ke3 b2 55. Bc2 Kd5 56. Kd3 Bd8 57. Bb3+ Kc5 58. Kc2 Bf6 59. Bxf7 Kb4 60. g5 hxg5 61. hxg5 Bg7 62. Be8 Ka3 63. Kb1 1/2-1/2

[Event "BCF-chT3 0809 (4NCL)"]
[Site "Hinckley Island"]
[Date "2008.12.06"]
[Round "3.1"]
[White "Mapletoft, Alexander J"]
[Black "Duggan, Christopher"]
[Result "0-1"]
[WhiteElo "1925"]
[BlackElo "2044"]
[PlyCount "153"]
[EventDate "2008.10.18"]
[EventType "team-swiss"]
[EventRounds "11"]
[EventCountry "ENG"]
[SourceTitle "EXT 2010"]
[Source "ChessBase"]
[SourceDate "2010.11.25"]
[SourceVersion "1"]
[SourceVersionDate "2010.11.25"]
[SourceQuality "1"]
[WhiteTeam "Leicester III"]
[BlackTeam "Oxford III"]
[WhiteTeamCountry "ENG"]
[BlackTeamCountry "ENG"]

1. e4 c5 2. Nf3 Nc6 3. d4 cxd4 4. Nxd4 e5 5. Nb5 a6 6. Nd6+ Bxd6 7. Qxd6 Qf6 8. Qxf6 Nxf6 9. Nc3 Nb4 10. Bd3 h6 11. Be3 d5 12. Bc5 Nxd3+ 13. cxd3 d4 14. Ne2 Nd7 15. Bd6 f6 16. 0-0 Kf7 17. f4 Ke6 18. Ba3 Rb8 19. fxe5 fxe5 20. Rac1 Nf6 21. Rc7 Bd7 22. Rfc1 Rhc8 23. Ng3 g6 24. Nf1 a5 25. Nd2 b5 26. R1c6+ Kf7 27. Bd6 Rxc7 28. Rxc7 Ke6 29. Rxd7 Nxd7 30. Bxb8 Nxb8 31. Kf2 Nd7 32. Ke2 Nc5 33. a3 Kd6 34. b3 Ne6 35. g3 Nc7 36. a4 bxa4 37. bxa4 Na6 38. Nc4+ Ke6 39. Nxa5 Nc5 40. Nc4 Nxa4 41. Nd2 Nc5 42. Nf3 Kf6 43. Kd2 Ne6 44. Ke2 Nc5 45. Kd2 Nd7 46. Ke2 g5 47. Kf2 Nc5 48. Ke2 Ne6 49. Kf2 Nf8 50. Ke2 Ng6 51. Kf2 g4 52. Nd2 Ne7 53. Nc4 Ke6 54. Ke2 Nc6 55. Kf2 Nd8 56. Ke2 Nf7 57. Kf2 Ng5 58. Nd2 Kd6 59. Nc4+ Ke6 60. Nd2 Nf7 61. Ke2 Nh8 62. Nc4 Ng6 63. Kd2 h5 64. Ke2 Ne7 65. Kf2 Nc6 66. Kg2 Nb4 67. Nb2 Nc2 68. h4 Ne3+ 69. Kf2 Kd6 70. Na4 Kc6 71. Ke2 Kb5 72. Nb2 Kb4 73. Nd1 Nxd1 74. Kxd1 Kc3 75. Ke2 Kc2 76. Ke1 Kxd3 77. Kd1 0-1

[Event "Amantea op-A 6th"]
[Site "Amantea"]
[Date "2008.09.05"]
[Round "7"]
[White "Savage, Ben D"]
[Black "Duggan, Christopher"]
[Result "1-0"]
[WhiteElo "2309"]
[BlackElo "2050"]
[PlyCount "63"]
[EventDate "2008.08.31"]
[EventType "swiss"]
[EventRounds "9"]
[EventCountry "ITA"]
[SourceTitle "CBM 126 Extra"]
[Source "ChessBase"]
[SourceDate "2008.11.05"]
[SourceVersion "1"]
[SourceVersionDate "2008.11.05"]
[SourceQuality "1"]

1. d4 Nf6 2. c4 e6 3. Nc3 Bb4 4. Qc2 d5 5. a3 Bxc3+ 6. Qxc3 Ne4 7. Qc2 Nc6 8. e3 e5 9. f3 Nf6 10. dxe5 Nxe5 11. cxd5 Qxd5 12. e4 Qc6 13. Qxc6+ Nxc6 14. Bf4 Nd4 15. Rc1 c6 16. Be3 Nb3 17. Rc3 Be6 18. Ne2 0-0-0 19. Bxa7 Rd2 20. Rxb3 Rxe2+ 21. Bxe2 Bxb3 22. Kd2 Kc7 23. Kc3 Be6 24. Bd4 Nd7 25. Rd1 f5 26. exf5 Bxf5 27. g4 Re8 28. Kd2 Bg6 29. Bxg7 Nc5 30. f4 Nb3+ 31. Ke1 Nc1 32. Be5+ 1-0

[Event "BCF-chT2 0607 (4NCL)"]
[Site "Sunningdale"]
[Date "2006.09.16"]
[Round "1.7"]
[White "Duggan, Christopher"]
[Black "Jenks, Chris Bruce"]
[Result "0-1"]
[WhiteElo "2138"]
[BlackElo "2100"]
[PlyCount "62"]
[EventDate "2006.09.16"]
[EventType "team"]
[EventRounds "11"]
[EventCountry "ENG"]
[SourceTitle "CBM 115 Extra"]
[Source "ChessBase"]
[SourceDate "2007.01.10"]
[SourceVersion "1"]
[SourceVersionDate "2007.01.10"]
[SourceQuality "1"]
[WhiteTeam "Oxford"]
[BlackTeam "Wessex"]
[WhiteTeamCountry "ENG"]
[BlackTeamCountry "ENG"]

1. e4 c5 2. Nf3 g6 3. c3 Bg7 4. d4 cxd4 5. cxd4 d5 6. e5 Bg4 7. h3 Bxf3 8. Qxf3 e6 9. Qb3 Nc6 10. Nc3 Nge7 11. Bd3 Nxd4 12. Qxb7 Rb8 13. Qxa7 Nec6 14. Qa4 0-0 15. Be3 Nxe5 16. Rd1 Nxd3+ 17. Rxd3 Nf5 18. Bc1 Ra8 19. Qc2 Qa5 20. 0-0 Rfc8 21. Qe2 h5 22. g4 hxg4 23. hxg4 Nd6 24. Kg2 Rc4 25. Rh1 Ne4 26. Rdh3 Nxc3 27. bxc3 Qxa2 28. Qf3 Qa4 29. Kg3 Be5+ 30. Bf4 Rxf4 31. Qe3 Re4+ 0-1

[Event "BCF-chT3 0405 (4NCL)"]
[Site "Telford"]
[Date "2005.02.26"]
[Round "5.6"]
[White "Duggan, Christopher"]
[Black "Elwin, Adrian G"]
[Result "1-0"]
[WhiteElo "2114"]
[BlackElo "2077"]
[PlyCount "75"]
[EventDate "2004.11.06"]
[EventType "team"]
[EventRounds "11"]
[EventCountry "ENG"]
[SourceTitle "EXT 2006"]
[Source "ChessBase"]
[SourceDate "2005.11.24"]
[SourceVersion "1"]
[SourceVersionDate "2005.11.24"]
[SourceQuality "1"]
[WhiteTeam "Oxford"]
[BlackTeam "FCA Solutions"]
[WhiteTeamCountry "ENG"]
[BlackTeamCountry "ENG"]

1. e4 c6 2. d4 d5 3. e5 Bf5 4. Nc3 e6 5. Nge2 Nd7 6. Ng3 Bg6 7. h4 h5 8. Nce2 f6 9. Nf4 Bf7 10. Bd3 Ne7 11. exf6 gxf6 12. Nfxh5 e5 13. dxe5 fxe5 14. Bg5 Qa5+ 15. c3 e4 16. Be2 0-0-0 17. Qd4 Rg8 18. Bg4 c5 19. Qe5 Nc6 20. Qf6 Bxh5 21. Nxh5 Be7 22. Qf4 d4 23. 0-0 Qc7 24. Qxe4 Bxg5 25. hxg5 Rxg5 26. Nf6 Nce5 27. cxd4 Nxg4 28. Nxg4 Rdg8 29. f3 Qb6 30. Rac1 Kb8 31. dxc5 Nxc5 32. Qe3 Nd3 33. Qxb6 axb6 34. Rc2 Rh5 35. Nf6 Rhg5 36. Nxg8 Rxg8 37. Rd1 Ne5 38. Kf2 1-0

[Event "BCF-chT4 0304 (4NCL)"]
[Site "West Bromwich "]
[Date "2004.05.31"]
[Round "9.4"]
[White "Duggan, Christopher"]
[Black "Bourne, Johnathan"]
[Result "1-0"]
[WhiteElo "1848"]
[BlackElo "2032"]
[PlyCount "65"]
[EventDate "2003.10.??"]
[EventType "team"]
[EventRounds "11"]
[EventCountry "ENG"]
[SourceTitle "EXT 2005"]
[Source "ChessBase"]
[SourceDate "2004.11.15"]
[SourceVersion "1"]
[SourceVersionDate "2004.11.15"]
[SourceQuality "1"]
[WhiteTeam "Oxford II"]
[BlackTeam "Brown Jack"]
[WhiteTeamCountry "ENG"]
[BlackTeamCountry "ENG"]

1. e4 e5 2. Nf3 Nc6 3. Bb5 f5 4. Nc3 Nf6 5. exf5 e4 6. Qe2 Qe7 7. Nh4 Nd4 8. Qd1 Qe5 9. Be2 d5 10. 0-0 Bd6 11. g3 Nxf5 12. Nxf5 Bxf5 13. d3 c6 14. dxe4 Nxe4 15. Nxe4 Bxe4 16. Bf4 Qf6 17. Bxd6 Qxd6 18. Bf3 Bxf3 19. Re1+ Kf7 20. Qxf3+ Qf6 21. Qb3 Rhf8 22. Re2 b6 23. c4 Rad8 24. Rd1 Qf5 25. Red2 Kg8 26. f4 Qf7 27. cxd5 Rxd5 28. Rxd5 cxd5 29. Rxd5 Re8 30. Kf2 Kf8 31. Qb4+ Kg8 32. Qd4 Qh5 33. Rxh5 1-0

[Event "BCF-chT4 0304 (4NCL)"]
[Site "West Bromwich "]
[Date "2004.01.25"]
[Round "4.3"]
[White "Sinnett, Glyn"]
[Black "Duggan, Christopher"]
[Result "1/2-1/2"]
[WhiteElo "1939"]
[BlackElo "1848"]
[PlyCount "74"]
[EventDate "2003.10.??"]
[EventType "team"]
[EventRounds "11"]
[EventCountry "ENG"]
[SourceTitle "EXT 2005"]
[Source "ChessBase"]
[SourceDate "2004.11.15"]
[SourceVersion "1"]
[SourceVersionDate "2004.11.15"]
[SourceQuality "1"]
[WhiteTeam "Nidum Liberals II"]
[BlackTeam "Oxford II"]
[WhiteTeamCountry "ENG"]
[BlackTeamCountry "ENG"]

1. d4 e6 2. c4 b6 3. Nc3 Bb7 4. a3 f5 5. Nf3 Nf6 6. e3 Be7 7. Bd3 0-0 8. Qe2 Ne4 9. 0-0 Bf6 10. Nd2 Nxd2 11. Bxd2 c5 12. dxc5 bxc5 13. e4 Nc6 14. exf5 Nd4 15. Qh5 exf5 16. Rab1 g6 17. Qh3 Nb3 18. Bh6 Re8 19. Nd5 Bg7 20. Bxg7 Kxg7 21. Bxf5 Bxd5 22. cxd5 Qf6 23. Bxd7 Re7 24. Qxb3 Rxd7 25. Rfe1 Rad8 26. Rbd1 Rf8 27. Qc3 Qxc3 28. bxc3 Rf4 29. Rd3 Ra4 30. Ra1 Kf6 31. Kf1 Ke5 32. Ke2 Rxd5 33. Rxd5+ Kxd5 34. Kd3 Rg4 35. g3 Ra4 36. f4 h5 37. Ra2 h4 1/2-1/2

[Event "BCF-chT4 0304 (4NCL)"]
[Site "West Bromwich "]
[Date "2004.01.24"]
[Round "3.2"]
[White "Ross, Chris Neil"]
[Black "Duggan, Christopher"]
[Result "0-1"]
[WhiteElo "2133"]
[BlackElo "1848"]
[PlyCount "66"]
[EventDate "2003.10.??"]
[EventType "team"]
[EventRounds "11"]
[EventCountry "ENG"]
[SourceTitle "EXT 2005"]
[Source "ChessBase"]
[SourceDate "2004.11.15"]
[SourceVersion "1"]
[SourceVersionDate "2004.11.15"]
[SourceQuality "1"]
[WhiteTeam "Braille Chess Association"]
[BlackTeam "Oxford II"]
[WhiteTeamCountry "ENG"]
[BlackTeamCountry "ENG"]

1. e4 c5 2. Nf3 Nc6 3. Bb5 e6 4. 0-0 Nge7 5. d4 cxd4 6. Nxd4 Qb6 7. Bxc6 Nxc6 8. Nb3 Be7 9. Nc3 a6 10. Qg4 0-0 11. Qg3 d6 12. Kh1 Nb4 13. Bh6 Bf6 14. f4 Nc6 15. Rad1 Qc7 16. Rf3 Kh8 17. Bg5 Bxg5 18. Qxg5 b5 19. Rh3 Qe7 20. Qh5 h6 21. e5 dxe5 22. fxe5 f5 23. exf6 Rxf6 24. Ne4 Rf5 25. Qe2 Bb7 26. Nd6 Re5 27. Re3 Rxe3 28. Qxe3 Rd8 29. Qf4 Rf8 30. Qd2 Ba8 31. h3 Ne5 32. Nc5 Qh4 33. Qe3 Rf3 0-1